<?xml version="1.0" encoding="UTF-8"?><?xml-stylesheet type="text/xsl" href="static/style.xsl"?><OAI-PMH xmlns="http://www.openarchives.org/OAI/2.0/" xmlns:xsi="http://www.w3.org/2001/XMLSchema-instance" xsi:schemaLocation="http://www.openarchives.org/OAI/2.0/ http://www.openarchives.org/OAI/2.0/OAI-PMH.xsd"><responseDate>2026-04-17T12:06:25Z</responseDate><request verb="GetRecord" identifier="oai:riubu.ubu.es:10259/9627" metadataPrefix="marc">https://riubu.ubu.es/oai/request</request><GetRecord><record><header><identifier>oai:riubu.ubu.es:10259/9627</identifier><datestamp>2024-10-23T00:05:16Z</datestamp><setSpec>com_10259_9622</setSpec><setSpec>com_10259_5086</setSpec><setSpec>com_10259_2604</setSpec><setSpec>col_10259_9623</setSpec></header><metadata><record xmlns="http://www.loc.gov/MARC21/slim" xmlns:doc="http://www.lyncode.com/xoai" xmlns:xsi="http://www.w3.org/2001/XMLSchema-instance" xmlns:dcterms="http://purl.org/dc/terms/" xsi:schemaLocation="http://www.loc.gov/MARC21/slim http://www.loc.gov/standards/marcxml/schema/MARC21slim.xsd">
<leader>00925njm 22002777a 4500</leader>
<datafield tag="042" ind1=" " ind2=" ">
<subfield code="a">dc</subfield>
</datafield>
<datafield tag="720" ind1=" " ind2=" ">
<subfield code="a">Calderón Monge, Esther</subfield>
<subfield code="e">author</subfield>
</datafield>
<datafield tag="720" ind1=" " ind2=" ">
<subfield code="a">Huerta Zavala, Pilar Angélica</subfield>
<subfield code="e">author</subfield>
</datafield>
<datafield tag="260" ind1=" " ind2=" ">
<subfield code="c">2013-05</subfield>
</datafield>
<datafield tag="520" ind1=" " ind2=" ">
<subfield code="a">Potential franchisees who wish to start up a business need to seek information signals. The aim of this paper is to analyze the relationship between performance and risk as signals of the quality of the franchise chains and the decision to choose one of them taken by the potential franchisee who wishes to set up a business for the first time via franchising. The results show that performance and risk operated as recognized signals for choosing a franchise chain among those which were operating in Spain during 2002-2008.</subfield>
</datafield>
<datafield tag="024" ind2=" " ind1="8">
<subfield code="a">1081-8510</subfield>
</datafield>
<datafield tag="024" ind2=" " ind1="8">
<subfield code="a">http://hdl.handle.net/10259/9627</subfield>
</datafield>
<datafield tag="024" ind2=" " ind1="8">
<subfield code="a">2380-1751</subfield>
</datafield>
<datafield ind1=" " ind2=" " tag="653">
<subfield code="a">Business risk</subfield>
</datafield>
<datafield ind1=" " ind2=" " tag="653">
<subfield code="a">Entrepreneurs</subfield>
</datafield>
<datafield ind1=" " ind2=" " tag="653">
<subfield code="a">Franchise</subfield>
</datafield>
<datafield ind1=" " ind2=" " tag="653">
<subfield code="a">Risk tolerance</subfield>
</datafield>
<datafield ind1=" " ind2=" " tag="653">
<subfield code="a">Signaling theory</subfield>
</datafield>
<datafield tag="245" ind1="0" ind2="0">
<subfield code="a">Performance and Risk as Signals for Setting up a Franchised Business</subfield>
</datafield>
</record></metadata></record></GetRecord></OAI-PMH>